Aviron Bayonnais ou Biarritz Olympique ? - Statistiques

Statistiques générales
  • Ce quiz a été pris 170 fois
  • Le résultat moyen est 12 sur 20
Statistiques - réponses
Question Réponse % Correct
Serge Blanco Biarritz
100%
Dimitri Yachvili Biarritz
100%
Guillaume Rouet Bayonne
92%
Jean Monribot Bayonne
88%
Serge Betsen Biarritz
88%
Benjamin Boyet Bayonne
80%
Rémy Martin Bayonne
80%
Gaëtan Germain Bayonne
76%
Philippe Bernat-Salles Biarritz
72%
Marcelo Bosch Biarritz
64%
Jimmy Marlu Biarritz
64%
Abdellatif Boutaty Bayonne
52%
Christophe Lamaison Bayonne
48%
Willie Du Plessis Les deux
48%
Arnaud Héguy Les deux
40%
Benjamin Thiéry Les deux
36%
Denis Avril Les deux
36%
Patrice Lagisquet Les deux
32%
François Da Ros Les deux
32%
Marc Baget Les deux
8%
Aucun quiz correspondant
Distribution des résultats
% des personnes avec chaque résultat
Percentile par nombre de réponses
Votre historique - résultats
Vous n’avez pas pris ce quiz